| 000 | 01261cam a22003011 4500 | ||
|---|---|---|---|
| 001 | gs 61000172 | ||
| 003 | DLC | ||
| 005 | 20260227111410.0 | ||
| 008 | 740920s1960 mtuab b 000 0 eng c | ||
| 010 | _ags 61000172 | ||
| 035 | _a(OCoLC)1017367 | ||
| 040 |
_aU.S. Geol. Survey. Libr. _cNRU _dOCoLC _dDLC |
||
| 042 | _apremarc | ||
| 050 | 0 | 0 |
_aGB1025.M9 _bZ5 |
| 100 | 1 |
_aZimmerman, Everett A. _q(Everett Alfred), _d1927- |
|
| 245 | 1 | 0 | _aPreliminary report on the geology and ground-water resources of northern Blaine County, Montana. |
| 260 |
_aButte, _bMontana School of Mines, _c1960. |
||
| 300 |
_aiii, 19 p. _bmaps (1 fold. in pocket) diagrs., tables. _c28 cm. |
||
| 490 | 1 | _aMontana. Bureau of Mines and Geology. Bulletin 19 | |
| 500 | _a"Prepared by the United States Geological Survey, Water Resources Division, under a cooperative agreement with the Montana Bureau of Mines and Geology." | ||
| 504 | _aBibliography: p. 19. | ||
| 650 | 0 |
_aGroundwater _zMontana _zBlaine County. |
|
| 650 | 0 |
_aGeology _zMontana _zBlaine County. |
|
| 650 | 0 |
_aWater-supply _zMontana _zBlaine County. |
|
| 650 | 0 |
_aWater _xAnalysis. |
|
| 710 | 2 |
_aGeological Survey (U.S.). _bWater Resources Division. |
|
| 810 | 2 |
_aMontana Bureau of Mines and Geology. _tBulletin ; _v19. |
|
| 999 |
_c29529 _d29529 |
||